|
|
|
|
| LEADER |
01703nam a2200325 a 4500 |
| 001 |
13722433 |
| 008 |
090617s2006 ohua b 001 0 eng d |
| 010 |
|
|
|a 2004113638
|
| 020 |
|
|
|a 0324317476 (instructor's ed. package)
|
| 020 |
|
|
|a 032428909X (instructor's ed. core)
|
| 020 |
|
|
|a 0324289081 (student ed. package)
|
| 020 |
|
|
|a 032428909X (student ed. core)
|
| 040 |
|
|
|a DLC
|c DLC
|
| 082 |
0 |
0 |
|a 658.15
|2 22
|
| 100 |
1 |
|
|a Moyer, R. Charles,
|d 1945-
|
| 245 |
1 |
0 |
|a Contemporary financial management /
|c R. Charles Moyer, James R. McGuigan, William J. Kretlow.
|
| 250 |
|
|
|a 10th ed., instructor's ed.
|
| 260 |
|
|
|a Mason, Ohio :
|b Thomson/South-Western,
|c c2006.
|
| 300 |
|
|
|a 1 v. (various pagings) :
|b ill. (some col.) ;
|c 27 cm.
|
| 500 |
|
|
|a Includes passcode to InfoTrac College Edition, the Online Library (WWW.infotrac-college.com) and serial number to access to Thomson One--Business School Edition, a Web-based portal product that provides integrated access to Thomson Financial content for the purpose of financial analysis.
|
| 500 |
|
|
|a A duplicate table of interest factor (1 folded sheet) and a problem solving using financial calculators (1 folded sheet) inserted.
|
| 504 |
|
|
|a Includes bibliographical references and index.
|
| 541 |
1 |
|
|e 00014815
|
| 650 |
|
0 |
|a Corporations
|x Finance.
|
| 650 |
|
0 |
|a Business enterprises
|x Finance.
|
| 700 |
1 |
|
|a McGuigan, James R.
|
| 700 |
1 |
|
|a Kretlow, William J.
|
| 852 |
4 |
|
|a Ayesha Abed Library
|j General Shelf.
|
| 999 |
|
|
|c 1754
|d 1754
|
| 952 |
|
|
|0 0
|1 0
|2 ddc
|4 0
|6 658_150000000000000_MOY
|7 0
|9 1605
|a BRACUL
|b BRACUL
|c GEN
|d 2009-06-29
|g 0.00
|l 5
|m 19
|o 658.15 MOY
|p 3010014815
|r 2024-10-05
|s 2024-06-29
|t 1
|w 2009-06-29
|y BK
|x No price found in the accession register.
|